Technologie chemických látek
Na minha lista:
| Autor principal: | |
|---|---|
| Formato: | Livro |
| Idioma: | tcheco |
| Publicado em: |
Praha
Vydavatelství VŠCHT
2005
|
| Edição: | Vyd. 1. |
| Assuntos: | |
| Acesso em linha: | View in OPAC |
| Tags: |
Sem tags, seja o primeiro a adicionar uma tag!
|
MARC
| LEADER | 00000nam a2200000 a 4500 | ||
|---|---|---|---|
| 005 | 20260127133941.0 | ||
| 008 | 080903 2008 xr 000 0 cze d | ||
| 020 | |a 8070805889 | ||
| 035 | |a vtls009329084 | ||
| 039 | 9 | |a 201602081154 |b csnkv06 |y 200809030858 |z mschk03 | |
| 040 | |a STUSCHK1 |b slo |c STUSCHK1 |e AACR2 | ||
| 080 | |a 66(075.8) | ||
| 100 | 1 | |a Hovorka, František, 1951- |9 958 | |
| 245 | 1 | |a Technologie chemických látek |c František Hovorka | |
| 250 | |a Vyd. 1. | ||
| 260 | |a Praha |b Vydavatelství VŠCHT |c 2005 | ||
| 300 | |a 180 s. |b il. |c 30 cm | ||
| 650 | 0 | 7 | |a chemická technológia |
| 650 | 0 | 7 | |a chemický priemysel |
| 910 | |a SCHK95 | ||
| 919 | |a 80-7080-588-9 | ||
| 999 | |c 703 |d 703 | ||